| 000 | 01486pam a2200385 a 4500 | ||
|---|---|---|---|
| 001 | 3415687 | ||
| 003 | 000 | ||
| 005 | 20170726091236.0 | ||
| 007 | 000 | ||
| 008 | 900109s1990 dcu b 000 0 eng | ||
| 010 | _a 90030396 | ||
| 020 | _a0891641173 (alk. paper) | ||
| 040 |
_aUOEL _cDLC _dDLC |
||
| 043 |
_an-us--- _an-cn--- _aew----- |
||
| 050 | 0 | 0 |
_aHC110.P55 _bI58 1990 |
| 082 | 0 | 0 |
_a363.73/56/094 _220 |
| 245 | 0 | 0 |
_aIntegrated pollution control in Europe and North America / _cedited by Nigel Haigh and Frances Irwin. |
| 260 |
_aWashington, D.C. : _bConservation Foundation ; _aBonn : _bInstitute for European Environmental Policy, _cc1990. |
||
| 300 |
_axiv, 242 p. ; _c23 cm. |
||
| 504 | _aIncludes bibliographical references. | ||
| 650 | 0 |
_aPollution _xGovernment policy _zUnited States. |
|
| 650 | 0 |
_aPollution _xGovernment policy _zCanada. |
|
| 650 | 0 |
_aPollution _xGovernment policy _zEurope. |
|
| 650 | 0 |
_aPollution _xLaw and legislation _zUnited States. |
|
| 650 | 0 |
_aPollution _xLaw and legislation _zCanada. |
|
| 650 | 0 |
_aPollution _xLaw and legislation _zEurope. |
|
| 650 | 0 |
_aEnvironmental policy _zUnited States. |
|
| 650 | 0 |
_aEnvironmental policy _zCanada. |
|
| 650 | 0 |
_aEnvironmental policy _zEurope. |
|
| 700 | 1 | _aHaigh, Nigel. | |
| 700 | 1 | _aIrwin, Frances H. | |
| 906 |
_a7 _bcbc _corignew _d1 _eocip _f19 _gy-gencatlg |
||
| 942 |
_2lcc _cSBK |
||
| 999 |
_c14464 _d14464 |
||